Logo BPK

Biblioteka

Politechniki Koszalińskiej

La condition humaine : (Rekord nr 50737)

Szczegóły MARC
000 -ETYKIETA REKORDU
podpole kontrolne o stałej długości 00469nam a2200181 i 4500
001 - NUMER KONTROLNY REKORDU
pole kontrolne bgj
040 ## - ŹRÓDŁO KATALOGOWANIA
Instytucja, która utworzyła rekord BPK
041 0# - KOD JĘZYKA
Kod języka tekstu fre
044 ## - KOD KRAJU WYDAWCY/PRODUCENTA
Kod kraju wydawcy/producenta FRA
080 ## - UNIWERSALNA KLASYFIKACJA DZIESIĘTNA - UKD
UKD 821.133.1
008 - POLE O STAŁEJ DŁUGOŚCI - DANE KONTROLNE
podpole kontrolne o stałej długości s fr f |000 0 fre
100 1# - NAZWA OSOBOWA
Nazwa osobowa MALRAUX, André.
245 10 - TYTUŁ/ODPOWIEDZIALNOŚĆ
Tytuł La condition humaine :
Ciąg dalszy tytułu édition reveue et corrigée /
Pozostałe elementy strefy tytułu i oznaczenia odpowiedzialności André Malraux.
260 ## - STREFA ADRESU WYDAWNICZEGO
Miejsce wydania [Paris] :
Nazwa wydawcy/dystrybutora Gallimard,
Data publikacji, dystrybucji/powstania dokumentu 19??
300 ## - STREFA OPISU FIZYCZNEGO
Objętość 283, [1] s. ;
Rozmiary 18 cm.
650 9# - HASŁO PRZEDMIOTOWE W FORMIE NAZWY OGÓLNEJ LUB JEDNOSTKOWEJ
Nazwa ogólna lub geograficzna Literatura francuska
856 ## - LOKALIZACJA I DOSTĘP DO ELEKTRONICZNYCH DOKUMENTÓW ZDALNYCH
Link (URL) http://koha.tu.koszalin.pl/cgi-bin/koha/opac-detail.pl?biblionumber=50737
Tekst linku Katalog online BPK
942 ## - DODATKOWE ELEMENTY (KOHA)
Typ dokumentu Książka
Egzemplarze
Wycofany Status egzemplarza Uszkodzony Dostępność Lokalizacja stała Lokalizacja bieżąca Miejsce przechowywania Sygnatura Kod kreskowy Typ dokumentu
      Dostępny Biblioteka Politechniki Koszalińskiej Biblioteka Politechniki Koszalińskiej Wypożyczalnia Językowa N 894 01581058 Książka
© 2023 Biblioteka Politechniki Koszalińskiej :: KOHA